|
|
|
|
| LEADER |
00815nam a2200193 a 4500 |
| 008 |
091027s2001 ii b 001 0 eng d |
| 020 |
|
|
|a 817012834x (pbk.)
|
| 082 |
0 |
4 |
|a 345.4079
|2 21
|
| 100 |
1 |
|
|a Singh, Avtar,
|d 1932-
|
| 245 |
1 |
0 |
|a Law of arbitration and conciliation (Arbitration and conciliation Act, 1996) /
|c by Avtar Singh
|
| 250 |
|
|
|a 5th ed.
|
| 260 |
|
|
|a Lucknow:
|b Eastern Book Company,
|c 2001.
|
| 300 |
|
|
|a xlviii, 311 p. ;
|c 24 cm.
|
| 504 |
|
|
|a Includes bibliographical references and index
|
| 541 |
1 |
|
|e 00012537
|
| 650 |
|
0 |
|a Arbitration and award
|z India.
|
| 852 |
4 |
|
|a Ayesha Abed Library
|j General Shelf.
|
| 999 |
|
|
|c 4869
|d 4869
|
| 952 |
|
|
|0 0
|1 0
|2 ddc
|4 0
|6 345_407900000000000_SIN
|7 0
|9 4689
|a BRACUL
|b BRACUL
|c GEN
|d 2009-10-27
|g 195.00
|l 5
|m 37
|o 345.4079 SIN
|p 3010012537
|r 2026-05-11
|s 2026-02-02
|t 1
|v 390.00
|w 2009-10-27
|y BK
|